| 000 | 00909nam a22002297a 4500 | ||
|---|---|---|---|
| 003 | OSt | ||
| 005 | 20251127164023.0 | ||
| 008 | 251127b |||||||| |||| 00| 0 eng d | ||
| 020 | _a978-0-13-705192-2 | ||
| 040 |
_aDWCL-Main lib. _cOC |
||
| 082 |
_2-- Fifth edition. _aCirc. 616.89 W667e 2012 |
||
| 100 | _aWilcoxon, Allen S. | ||
| 245 |
_aEthical, legal, and professional issues in the practice of marriage and family therapy/ _cAllen S. Wilcoxon |
||
| 250 | _a-- Fifth edition. | ||
| 260 |
_aNew Jersey : _b Pearson Education, _cc2012. |
||
| 300 |
_axv, 413 pages ; _c23 centimeters. |
||
| 504 | _aIncludes bibliographical references, appendix | ||
| 650 | _a1. Family psychotherapy--Moral and ethical aspects. | ||
| 650 | _a2. Marital psychotherapy--Moral and ethical aspects. | ||
| 650 | _a 3. Family therapists--Professional ethics. | ||
| 942 |
_2ddc _cBK-CIRC _e-- Fifth edition. _hCirc. _n0 |
||
| 999 |
_c6519 _d6519 |
||